| 000 | 00687nam a2200229 a 4500 | ||
|---|---|---|---|
| 005 | 20260109063946.0 | ||
| 008 | 991125s1976 bar 000 0 spa u | ||
| 020 | _a8434406721 | ||
| 035 | _aUPN01000044408 | ||
| 049 | _aCG | ||
| 050 | 4 |
_aQ171 _bR7.68 |
|
| 100 | 1 |
_aRussell, Bertrand Arthur William, _d1872-1970 |
|
| 245 | 1 | 3 |
_aLa perspectiva científica / _cBertrand Russell ; tr. de G. Sano Hualín. |
| 260 |
_aBarcelona, Esp. : _bAriel, _c1976. |
||
| 300 | _a221 p. | ||
| 440 | 0 |
_aAriel quincenal ; _v22 |
|
| 534 |
_aTraducción de: _tThe scientific outlook |
||
| 650 | 4 |
_aCiencia _97469 |
|
| 650 | 4 |
_aCiencia _xMetodología _95804 |
|
| 650 | 4 |
_aCivilización _99 |
|
| 905 | _aLibro | ||
| 999 |
_c44408 _d44408 |
||